Statistics for Taylor Swift - You're Losing Me Lyrics

Click here to take the quiz!

General Stats

  • This quiz has been taken 111 times
  • The average score is 342 of 397

Answer Stats

Answer% Correct
a
97%
A
97%
an
97%
Do
97%
"Do
97%
"I
97%
(I
97%
I
97%
Who
97%
You
97%
you
97%
"You
97%
losin'
95%
me)
95%
me
95%
me"
95%
My
95%
my
95%
say
95%
(Say
95%
the
95%
your
95%
you're
95%
(You're
95%
And
93%
and
93%
heart
93%
in
93%
(Stop
93%
(Stop)
93%
Stop
93%
"To
93%
to
93%
would
93%
at
92%
can
92%
don't"
92%
don't
92%
I'm
92%
know
92%
all
90%
as
90%
be
90%
can't
90%
'Cause
90%
'cause
90%
for
90%
her
90%
How
90%
love
90%
people
90%
we
90%
We
90%
won't
90%
wouldn't
90%
either
88%
marry
88%
pleaser
88%
see
88%
start
88%
that
88%
this
88%
anymore
86%
babe
86%
best
86%
it?
86%
it
86%
something"
86%
something)
86%
something
86%
understand"
86%
was
86%
find
85%
of
85%
only
85%
party
85%
pathological
85%
pulse
85%
wanted
85%
were
85%
army
83%
bravest
83%
Fighting
83%
gone
83%
gone"
83%
got
83%
if
83%
ignore
83%
thing
83%
nothing"
81%
nothing)
81%
Now
81%
now
81%
tried
81%
ashes
80%
but
80%
could
80%
from
80%
gave
80%
is
80%
light
80%
soldier
80%
time
80%
too
80%
Always
78%
did
78%
Every
78%
it's
78%
me's
78%
or
78%
back
76%
come
76%
endless
76%
just
76%
keep
76%
long
76%
"Lose
76%
loved
76%
sad
76%
song
76%
tell
76%
thinkin'
76%
'Til
76%
everything
75%
far
75%
frontlines
75%
phoenix
75%
risin'
75%
room
75%
throw
75%
what
75%
dark
73%
even
73%
fear
73%
final
73%
have
73%
out
73%
risk
73%
sit
73%
tired
73%
wonder
73%
believe
71%
bleed
71%
blow
71%
bring
71%
choosin'
71%
cure
71%
dyin'?
71%
empathy
71%
eyes
71%
life?
71%
lookin'
71%
Remember
71%
someone
71%
they
71%
thought
71%
built
69%
"Choose
69%
fadin'
69%
getting
69%
until
69%
sick
68%
unless
68%
admit
66%
through
66%
down
64%
gashes
64%
Mendin'
63%
might
63%
signals
61%
with
61%
face
59%
mornin'
59%
nails
59%
bit
58%
dealt
58%
gray
58%
hallway
58%
quick
58%
sent
58%
air
56%
storms
56%
imposition
54%
indecision
53%
runnin'
53%
such
53%
thick
53%
glared
51%
pain
51%
loss
46%

Score Distribution

Percentile by Number Answered

Percent of People with Each Score

Your Score History

You have not taken this quiz